|
|
|
|
| LEADER |
00651nam a2200193Ia 4500 |
| 001 |
CTU_99690 |
| 008 |
210402s9999 xx 000 0 und d |
| 082 |
|
|
|a 338.4
|
| 082 |
|
|
|b F953
|
| 245 |
|
4 |
|a The fuel efficiency incentive tax proposal :
|
| 245 |
|
0 |
|b Its impact upon the future of the U.S. passenger automobile industry
|
| 260 |
|
|
|a Washington
|
| 260 |
|
|
|b U.S. Government Printing Office
|
| 260 |
|
|
|c 1977
|
| 650 |
|
|
|a Automobiles,Automobiles,Automobile industry and trade
|
| 650 |
|
|
|x Taxation,Fuel consumption
|
| 650 |
|
|
|z United States,United States
|
| 904 |
|
|
|i Tuyến
|
| 980 |
|
|
|a Trung tâm Học liệu Trường Đại học Cần Thơ
|